Cómo estimular la expresión oral en clases

Đã lưu trong:
Chi tiết về thư mục
Tác giả chính: Recasens Estrada, Margarita (Tác giả)
Định dạng: Sách
Ngôn ngữ:Tiếng Tây Ban Nha
Được phát hành: Barcelona CEAC 1987
Phiên bản:1a. ed
Loạt:Colección Educación y Enseñanza
Những chủ đề:
Các nhãn: Thêm thẻ
Không có thẻ, Là người đầu tiên thẻ bản ghi này!

MARC

LEADER 00000nam a2200000 a 4500
001 UCH6591
003 CL-VaPUC
008 091109e19870000SP |||||||||||||||||spa|d
020 |a 8432986178 
082 0 4 |a 372.6  |b REC  |2 21 
100 0 |a Recasens Estrada, Margarita  |e author  |9 543194 
245 1 0 |a Cómo estimular la expresión oral en clases 
250 |a 1a. ed 
300 |a 101 p 
942 |c BK 
945 |d 20091109 00:00:00  |a ccalabra 
260 |a Barcelona  |b CEAC  |c 1987 
650 0 |a Educación  |9 258661 
650 0 |a Lenguaje   |9 265069 
650 0 |a Métodos de enseñanza  |9 270413 
650 0 |a Comunicación   |9 257251 
650 0 |a Enseñanza del lenguaje  |9 373325 
650 0 |a Expresión escrita  |9 334816 
650 0 |a Ortografía  |9 309144 
650 0 |a Vocabulario  |9 345405 
583 |a last modification  |c 20091109 00:00:00  |k Rodrigo Vera 
490 0 |a Colección Educación y Enseñanza 
999 |c 337456  |d 337454